000 00291nam a22001217a 4500
008 181003b xxu||||| |||| 00| 0 eng d
041 _aeng
080 _a370
100 _a49
101 _aEDU
245 _aJugment And Decison Making In the Lob And World
_cKim.N.S
942 _2udc
_cBK
999 _c48797
_d48797